000 00663nam a2200193Ii 4500
003 JO-AjNU
008 230605s9999||||xx |||||||||||||| ||und||
040 _aJO-AjNU
_bara
_erda
_cJO-AjNU
041 _aara
050 1 4 _aPS3511.A86.U512 1996
100 3 _aفوكنر، وليم؛ ترجمة سمير عزت نصار,
_eauthor
_948764
245 0 0 _aاللامقهورون: رواية
264 3 1 _aعمان: دار النسر للنشر والتوزيع، 1996
300 _a167ص
336 _atext
_btxt
_2rdacontent
337 _aunmediated
_bn
_2rdamedia
338 _avolume
_bnc
_2rdacarrier
650 4 _aالادب الامريكي - روايات
_948765
999 _aA21377
_c24945
_d24945